| 000 | 00502nam a2200169 a 4500 | ||
|---|---|---|---|
| 001 | 61105 | ||
| 005 | 20180714062617.0 | ||
| 008 | 140415s1969 000 0 spa d | ||
| 041 | _aspa | ||
| 082 |
_a530.1 _bMAL |
||
| 100 | 1 | _aMALVERN, LAWRENCE E. | |
| 245 | 1 | 0 | _aINTRODUCTION TO THE MECHANICS OF A CONTINUOS MEDIUM |
| 260 |
_a[s.l.] : _bPRENTICE HALL, INC., _c1969 |
||
| 300 | _a713 | ||
| 490 | _aPRENTICE HALL SERIES IN ENGINEERING OF THE PHYS... | ||
| 650 | 1 | 4 | _aMECANICA CONTINUA |
| 999 |
_c61105 _d61105 |
||